000 00310nam a2200109Ia 4500
001 1277349
005 20260417160505.0
008 260417s9999 xx 000 0 und d
020 _a9772149467977
245 0 _aZehir Gibi Kafalar Yıldızlar Neden Kafamıza Düşmez
_cFederico Taddia
260 _bKetebe Çocuk
999 _c1277349
_d1277349